| 000 | 00547nam a2200157 i 4500 | ||
|---|---|---|---|
| 001 | 63393 | ||
| 003 | ES-MaACL | ||
| 007 | t| | ||
| 008 | 031210s1979 ag ||||1| spa d | ||
| 100 | 1 |
_aFerreira Gullar, José. _950386 |
|
| 245 | 1 | 0 |
_aHombre común y otros poemas _b: antología bilingüe / _cJosé Ferreira Gullar ; selección, traducción, estudio y notas de Santiago Kovadloff. |
| 260 |
_a[Buenos Aires] : _bCalicanto, _c[1979] |
||
| 300 |
_a111 p. ; _c20 cm. |
||
| 700 | 1 |
_aKovadloff, Santiago. _968671 |
|
| 852 |
_aES-MaACL _jL-712 _bR.101373 |
||
| 999 |
_c63393 _d63393 |
||